Reinhart in love / (Record no. 200468163)

MARC details
000 -LEADER
fixed length control field 01013cam a2200325 i 4500
001 - CONTROL NUMBER
control field 200468163
003 - CONTROL NUMBER IDENTIFIER
control field TR-AnTOB
005 - DATE AND TIME OF LATEST TRANSACTION
control field 20260417112506.0
007 - PHYSICAL DESCRIPTION FIXED FIELD--GENERAL INFORMATION
fixed length control field ta
008 - FIXED-LENGTH DATA ELEMENTS--GENERAL INFORMATION
fixed length control field 260417t19681962enk 000 1 eng
010 ## - LIBRARY OF CONGRESS CONTROL NUMBER
LC control number 86113328
035 ## - SYSTEM CONTROL NUMBER
System control number 520158
System control number (TR-AnTOB)200468163
040 ## - CATALOGING SOURCE
Original cataloging agency DLC
Language of cataloging eng
Description conventions rda
Transcribing agency DLC
Modifying agency DLC
-- TR-AnTOB
041 0# - LANGUAGE CODE
Language code of text/sound track or separate title İngilizce
050 04 - LIBRARY OF CONGRESS CALL NUMBER
Classification number PS3552.E719
Item number R4 1968
090 ## - LOCALLY ASSIGNED LC-TYPE CALL NUMBER (OCLC); LOCAL CALL NUMBER (RLIN)
Classification number (OCLC) (R) ; Classification number, CALL (RLIN) (NR) PS3552.E719
Local cutter number (OCLC) ; Book number/undivided call number, CALL (RLIN) R4 1968
100 1# - MAIN ENTRY--PERSONAL NAME
Personal name Berger, Thomas,
Dates associated with a name 1924-2014
Relator term author
Relator code aut
9 (RLIN) 153744
245 10 - TITLE STATEMENT
Title Reinhart in love /
Statement of responsibility, etc. Thomas Berger.
264 #1 - PRODUCTION, PUBLICATION, DISTRIBUTION, MANUFACTURE, AND COPYRIGHT NOTICE
Place of production, publication, distribution, manufacture Harmondsworth :
Name of producer, publisher, distributor, manufacturer Penguin Books ;
Place of production, publication, distribution, manufacture London :
Name of producer, publisher, distributor, manufacturer Eyre & Spottiswoode,
Date of production, publication, distribution, manufacture, or copyright notice 1968.
300 ## - PHYSICAL DESCRIPTION
Extent 431 pages ;
Dimensions 18 cm
336 ## - CONTENT TYPE
Content type term text
Content type code txt
Source rdacontent
337 ## - MEDIA TYPE
Media type term unmediated
Media type code n
Source rdamedia
338 ## - CARRIER TYPE
Carrier type term volume
Carrier type code nc
Source rdacarrier
650 #0 - SUBJECT ADDED ENTRY--TOPICAL TERM
Topical term or geographic name entry element Middle class men
Form subdivision Fiction
9 (RLIN) 153750
655 #7 - INDEX TERM--GENRE/FORM
Genre/form data or focus term Fiction
Source of term lcgft
Authority record control number https://id.loc.gov/authorities/genreForms/gf2014026339
9 (RLIN) 151487
942 ## - ADDED ENTRY ELEMENTS (KOHA)
Source of classification or shelving scheme Library of Congress Classification
Koha item type Book
Holdings
Withdrawn status Lost status Source of classification or shelving scheme Damaged status Not for loan Collection code Home library Current library Shelving location Date acquired Source of acquisition Inventory number Total Checkouts Full call number Barcode Date last seen Copy number Date shelved Koha item type Public note
    Library of Congress Classification Kullanılmış / Used Ödünç Verilemez-Kurumiçi kullanım / Not for loan-For inhouse use Genel Koleksiyon Tıp Fakültesi Medikal Kütüphane Tıp Fakültesi Medikal Kütüphane Genel Koleksiyon / Main Collection 18/03/2026 Bağış / Donation İDE   PS3552.E719 R4 1968 TıpFaK TF03141 17/04/2026 1 17/04/2026 Book Donated by Prof. Dr. Şükrü Cin
Devinim Yazılım Eğitim Danışmanlık tarafından Koha'nın orjinal sürümü uyarlanarak geliştirilip kurulmuştur.